000 00509nam a2200205Ia 4500
008 170918s9999 xx 000 0 und d
020 _a9780451524935
050 _bO79ni 1977
100 _aOrwell, George
245 _a1984 /
245 _ba novel /
245 _cby George Orwell ; afterword by Erich Fromm.
260 _aNew York :
260 _bNew American Library,
260 _c1977
300 _a328 pages :
300 _billustrations ;
300 _c19cm.
300 _eSignet classics.
999 _c344013
_d344013